The history and scope of the profession of surveying (Record no. 88321)
[ view plain ]
| 000 -LEADER | |
|---|---|
| fixed length control field | 00521cam a2200181 4500 |
| 001 - CONTROL NUMBER | |
| control field | ##D15480 |
| 008 - FIXED-LENGTH DATA ELEMENTS--GENERAL INFORMATION | |
| fixed length control field | 090401t1964 xxu||||| |||| 00| 0 eng d |
| 035 ## - SYSTEM CONTROL NUMBER | |
| System control number | (Sirsi) u23103 |
| 041 0# - LANGUAGE CODE | |
| Language code of text/sound track or separate title | eng |
| 110 2# - MAIN ENTRY--CORPORATE NAME | |
| Corporate name or jurisdiction name as entry element | Royal Institution of Chartered Surveyors |
| 9 (RLIN) | 4900 |
| 245 04 - TITLE STATEMENT | |
| Title | The history and scope of the profession of surveying |
| 260 ## - PUBLICATION, DISTRIBUTION, ETC. | |
| Place of publication, distribution, etc. | London |
| Name of publisher, distributor, etc. | RICS |
| Date of publication, distribution, etc. | 1964 |
| 300 ## - PHYSICAL DESCRIPTION | |
| Extent | 14p. |
| Dimensions | 22cm. |
| 520 ## - SUMMARY, ETC. | |
| Summary, etc. | Filed in box 1964/7 ABCD |
| 690 ## - LOCAL SUBJECT ADDED ENTRY--TOPICAL TERM (OCLC, RLIN) | |
| Topical term or geographic name as entry element | ABOUT RICS-RICS MEMBERS-CHARTERED SURVEYORS |
| 942 ## - ADDED ENTRY ELEMENTS (KOHA) | |
| Suppress in OPAC | 0 |
| 948 ## - LOCAL PROCESSING INFORMATION (OCLC); SERIES PART DESIGNATOR (RLIN) | |
| c (OCLC) | 04/03/1997 |
| Withdrawn status | Lost status | Source of classification or shelving scheme | Damaged status | Not for loan | Home library | Current library | Shelving location | Date acquired | Total Checkouts | Full call number | Barcode | Date last seen | Date last checked out | Copy number | Price effective from | Koha item type |
|---|---|---|---|---|---|---|---|---|---|---|---|---|---|---|---|---|
| Other/Generic Classification Scheme | London | London | RICS Boxes | 14/09/1999 | 6 | 1964/7 | 30022555 | 06/08/2019 | 14/02/2003 | 1 | 06/08/2019 | Reference material | ||||
| Other/Generic Classification Scheme | London | London | RICS Boxes | 21/03/2005 | 1 | 1964/7 | 30022554 | 06/08/2019 | 21/03/2005 | 2 | 06/08/2019 | Reference material | ||||
| Other/Generic Classification Scheme | London | London | RICS Boxes | 04/08/2006 | 1964/7 | 30071819 | 06/08/2019 | 3 | 06/08/2019 | Reference material | ||||||
| Other/Generic Classification Scheme | London | London | RICS Boxes | 04/08/2006 | 1964/7 | 30071823 | 06/08/2019 | 4 | 06/08/2019 | Reference material | ||||||
| Other/Generic Classification Scheme | London | London | RICS Boxes | 19/08/1991 | 1964/7 | 30022559 | 06/08/2019 | 1 | 06/08/2019 | Reference material | ||||||
| Other/Generic Classification Scheme | London | London | RICS Boxes | 19/08/1991 | 1964/7 | 30023049 | 06/08/2019 | 1 | 06/08/2019 | Reference material |